Historia Argentina / Tomo XIV. El justicialismo.
Saved in:
| Format: | Book |
|---|---|
| Published: |
Buenos Aires :
Oriente,
1993.
|
| LEADER | 00403nam a22001097a 4500 | ||
|---|---|---|---|
| 003 | AR-BeUNQ | ||
| 005 | 20240312120748.0 | ||
| 999 | |c 34592 |d 118392 | ||
| 245 | |a Historia Argentina / |n Tomo XIV. El justicialismo. |c Fermín Chávez, Juan C Cantoni, Enrique Manson, Jorge Sulé. | ||
| 260 | |a Buenos Aires : |b Oriente, |c 1993. | ||
| 929 | |a DONACION |g 3597 |b Anabella Crespo |d 300,00 |e 20220413 |h 1 |f PAT0076578 |o PR |l Estante CH | ||
| 942 | |c LIB |n 0 | ||